Normal view
MARC view
- Emergency management
Entry Topical Term
001 - CONTROL NUMBER
- control field: 22973
003 - CONTROL NUMBER IDENTIFIER
- control field: NUST
005 - DATE AND TIME OF LATEST TRANSACTION
- control field: 20191007184326.0
008 - FIXED-LENGTH DATA ELEMENTS
- fixed length control field: 191007|| aca||aabn | a|a d
040 ## - CATALOGING SOURCE
- Original cataloging agency: NUST
- Transcribing agency: NUST
150 ## - HEADING--TOPICAL TERM
- Topical term or geographic name entry element: Emergency management
- General subdivision: Handbooks, manuals, etc.
670 ## - SOURCE DATA FOUND
- Source citation: Work cat.: (NUST)0: Carter, W. Nick. 22972, Disaster management :, [1992]
